School Subject Picture Quiz - Statistics

General Stats
  • This quiz has been taken 82 times
  • The average score is 5 of 8
Answer Stats
Picture Answer % Correct
Mathematics
95%
History
92%
Reading
87%
Science
84%
Geography
80%
Physical Education
59%
Religious Education
13%
Catering
3%
No matching quizzes found
Score Distribution
Percent of People with Each Score
Percentile by Number Answered
Your Score History
You have not taken this quiz